000 01077cam a22003017a 4500
003 CHAP
005 20220329140719.0
008 971013s r 00010 d
010 _a56413
011 _a57385
035 _a61540
040 _cCHAP
090 _aFolleto 6986
100 0 0 _aZepeda del Valle, Juan Manuel.
_9123920
245 1 3 _aUn modelo sistémico de organización académico administrativo de la educación superior en parasitología agrícola
260 _a(s.l. :
_bs.e.),
_c(s.a.)
300 _a10 h.
500 _aPonencia presentada en: Simposio Nacional de Parasitología Agrícola. 6, Monterrey, N.L. 1978
590 _aBATCH-UPD
_b10
_c20130110
_lUCH01
_h1702
590 _aBATCH-UPD
_b10
_c20130410
_lUCH01
_h1049
590 _aBATCH-UPD
_b10
_c20130914
_lUCH01
_h1900
590 _aCONVERSION
_b10
_c20130109
_lUCH01
_h1330
650 1 4 _aParasitología
_xEstudio y enseñanza.
_985471
650 1 4 _aUniversidades
_xAdministración
_xMéxico.
_9116599
901 _aBK
942 _cFOLL
949 _aFolleto 6986
_bBC
_cFOLL
_d-132170
_eTS1
_i61540
_mD
_si
999 _c56413
_d56413